000 00347nam a2200133Ia 4500
005 20260328101514.0
008 260328s9999||||xx |||||||||||||| ||und||
100 _aCarrasquilla R., Luis G.
245 0 _aÁrboles y Arbustos de Panamá /
_cLuis G. Carrasquilla R.
260 _bNovo Art
300 _a478 p.
650 _aLATINOAMERICA
942 _cBK
999 _c9320
_d9320